New construction orders: November 2001 (Record no. 69257)

MARC details
000 -LEADER
fixed length control field 00815cam a2200181 4500
001 - CONTROL NUMBER
control field WB3801-09
008 - FIXED-LENGTH DATA ELEMENTS--GENERAL INFORMATION
fixed length control field 020110n2002 000 0 eng u
035 ## - SYSTEM CONTROL NUMBER
System control number (Sirsi) u116241
245 ## - TITLE STATEMENT
Title New construction orders: November 2001
260 ## - PUBLICATION, DISTRIBUTION, ETC.
Date of publication, distribution, etc. 2002
490 ## - SERIES STATEMENT
Series statement DTI Press Release
Volume/sequential designation 10 January 2002, (2)
520 ## - SUMMARY, ETC.
Summary, etc. Latest government statistics show constructions orders were unchanged in the year to November 2001, compared to the previous year. However, the total volume of new orders received by contractors for construction work in the three months to November was down 10% compared with the previous three months. Visit: http://www.statistics.gov.uk
590 ## - LOCAL NOTE (RLIN)
Local note WB
650 ## - SUBJECT ADDED ENTRY--TOPICAL TERM
Topical term or geographic name entry element DBERR NEW CONSTRUCTION ORDERS
650 ## - SUBJECT ADDED ENTRY--TOPICAL TERM
Topical term or geographic name entry element STATISTICS
690 ## - LOCAL SUBJECT ADDED ENTRY--TOPICAL TERM (OCLC, RLIN)
Topical term or geographic name as entry element BUILT ENVIRONMENT-CONSTRUCTION MARKET
942 ## - ADDED ENTRY ELEMENTS (KOHA)
Suppress in OPAC 0
Holdings
Withdrawn status Lost status Source of classification or shelving scheme Damaged status Not for loan Home library Current library Shelving location Date acquired Total Checkouts Full call number Barcode Date last seen Copy number Price effective from Koha item type
    Dewey Decimal Classification     London London News article 10/01/2002   WB3801-09 116241-1001 06/08/2019 1 06/08/2019 News article